00843 2200217 4500001002100000005001500021035002000036245019000056100002600246250002000272300005700292856002800349700009100377260003600468082001000504084001600514020002200530008004100552650002200593990001000615INLIS00000000114598720260302064630 a0010-01260000631 aPengaruh Hutan dan Pengelolaan Pengelolaan Daerah Aliran Sungai /cPenulis; Ria Rosdiana Hutagaol, Desain Cover; Ali Hasan Zein; Tata Letak; Titis Yulianti, Proofreader; Titis Yulianti0 aRia Rosdiana Hutagaol aCetakan Pertama aviii,63 Halaman :bilustrasi ;c15.5 x 23 cmeKertas aPerpustakaan Keliling 20 aDesain Cover; Ali Hasan Zein; Tata Letak; Titis Yulianti, Proofreader; Titis Yulianti aYogyakarta :bDEEPUBLISH,c2019 a634.9 a634.9 RIA p a978-623-02-0233-9260302 0  4aEkosistem-Biologi a//001